000 01152nam a22003257a 4500
003 CHAP
005 20220329133824.0
008 971013s1983 r 00010 d
010 _a11389
011 _a12361
035 _a15485
040 _cCHAP
090 _aFolleto 9232
100 0 0 _aCarrillo Sánchez, José Luis.
_919539
245 1 _aLogros y aportaciones de la investigación agrícola en el control biológico de plagas
260 _aMéxico, D. F. :
_bInstituto Nacional de Investigaciones Agrícolas México,
_c1983
300 _a16 p.
_b: mapa ; gráfs.
490 _aPublicación especial
_v; 111
590 _aBATCH-UPD
_b10
_c20130110
_lUCH01
_h1015
590 _aBATCH-UPD
_b10
_c20130410
_lUCH01
_h0622
590 _aBATCH-UPD
_b10
_c20130913
_lUCH01
_h2102
590 _aCONVERSION
_b10
_c20130109
_lUCH01
_h1308
650 1 4 _aAgricultura
_xInvestigación
_xMéxico.
_91643
650 1 4 _aControl biológico de plagas.
_927587
650 1 4 _aInsectos parásitos y predatores.
_958961
830 0 _aPublicación especial
_v; 111
_992760
901 _aBK
942 _cFOLL
949 _aFolleto 9232
_bBC
_cFOLL
_d-139266
_eTS1
_i15485
_mD
_si
999 _c11389
_d11389